ZTM Gdańsk - 7 - Statystyki

Ogólne statystyki
  • Ten quiz został rozwiązany 17 razy
  • Średni wynik to 22 z 26
Statystyki odpowiedzi
Ulica Przystanek % Poprawnych
Jana z Kolna Plac Solidarności
100%
Marynarki Polskiej Twarda
100%
Podwale Grodzkie Dworzec Główny
91%
Świętokrzyska Łostowice Świętokrzyska
91%
Marynarki Polskiej Marynarki Polskiej
91%
Marynarki Polskiej Polsat Plus Arena Gdańsk
91%
Marynarki Polskiej Śnieżna
91%
Jana z Kolna Stocznia Północna
91%
Jana z Kolna Stocznia SKM
91%
Marynarki Polskiej Żaglowa - AmberExpo
91%
Wały Jagiellońskie Brama Wyżynna
82%
Sikorskiego Chałubińskiego
82%
Witosa Cieszyńskiego
82%
Armii Krajowej Odrzańska
82%
Havla Płocka
82%
Armii Krajowej Pohulanka
82%
Sikorskiego Sikorskiego
82%
Marynarki Polskiej Węzeł Kliniczna
82%
Havla Wilanowska
82%
Witosa Cebertowicza
73%
Marynarki Polskiej Mostostal
73%
Wolności Nowy Port Zajezdnia
73%
Havla Przemyska
73%
Armii Krajowej Śródmieście SKM
73%
Marynarki Polskiej Swojska
73%
Wolności Plac Wolności
64%
Nie znaleziono quizów pasujących do podanych kryteriów
Rozkład punktacji
Procent ludzi z każdym wynikiem
Percentyl według liczby udzielonych odpowiedzi
Twoja historia wyników
Nie rozwiązałeś tego quizu